| 000 | 00689nam a2200229 a 4500 | ||
|---|---|---|---|
| 001 | 000028372 | ||
| 003 | OSt | ||
| 005 | 20201012115914.0 | ||
| 008 | 110408s1974 dr r 000 0 spa d | ||
| 040 |
_aDO-SdBNP _bspa _cBNPHU |
||
| 082 |
_axxxx _bG633r, 1974 |
||
| 100 | 1 |
_aGómez, Ml, hijo _955336 |
|
| 245 | 1 | 3 |
_aEl centinela de la frontera : _bsentencia de la Suprema Corte de Justicia (1934-1938) / _cMl. Gómez hijo. |
| 250 | _a2a ed. | ||
| 260 |
_aSanto Domingo : _bTiempo, _c1974. |
||
| 300 |
_a347 p. ; _c21 cm. |
||
| 490 | 1 |
_aJurisprudencia _v2 |
|
| 590 | _aInventariado, 2019/BT | ||
| 830 | 0 |
_aJurisprudencia _n2 _955337 |
|
| 910 | _aInventariado, 2020 / BT | ||
| 942 |
_2ddc _cLF1 |
||
| 999 |
_c27864 _d27864 |
||